Detalles MARC
| 000 -LIDER |
| fixed length control field |
01575nam a2200337 a 4500 |
| 003 - IDENTIFICACDOR DE NÚMERO DE CONTROL |
| control field |
DO-SdBNP |
| 005 - DATE AND TIME OF LATEST TRANSACTION |
| control field |
20211001131340.0 |
| 008 - ELEMENTOS DE LONGITUD FIJA |
| fixed length control field |
100122s2005 dr 000 0 spa d |
| 020 ## - ISBN |
| International Standard Book Number |
999349562X |
| 040 ## - FUENTE DE CATALOGACIÓN |
| Agencia que crea de manera original el registro |
DO-SdBNP |
| Idioma de catalogación |
spa |
| Agencia que realiza la transcripción |
BPMSU |
| 049 ## - LOCAL HOLDINGS (OCLC) |
| Holding library |
|
| 082 ## - NÚMERO DE CLASIFICACIÓN DECIMAL DE DEWEY |
| Classification number |
364.7293 |
| Item number |
P343i 2005 |
| Edition number |
22 |
| 100 1# - ASIENTO PRINCIPAL -- NOMBRE PERSONAL |
| Nombre personal |
Payán Areché, Luis Ramón |
| Fechas asociadas con el nombre |
1956- |
| 245 10 - MENCIÓN DE TITULO |
| Título |
Investigación, criminalística y el nuevo proceso penal / |
| Mención de responsabilidad |
Luis Ramón Payán Areché; prólogo Alejandro Moscoso Segarra. |
| 260 ## - PUBLICACIÓN, DISTRIBUCIÓN, ETC. (PIE DE IMPRENTA) |
| Lugar de publicación, distribución, etc |
Santo Domingo : |
| Nombre del editor, distribuidor, etc. |
Centenario, |
| Fecha de publicación, distribución, etc |
2005. |
| 300 ## - DESCRIPCIÓN FÍSICA |
| Extensión |
305 p. : |
| Otros detalles físicos |
il. , diagramas ; |
| Dimensiones |
23 cm. |
| 500 ## - NOTA GENERAL |
| Nota general |
Incluye referencias biblográficas y notas al pie de las páginas |
| 500 ## - NOTA GENERAL |
| Nota general |
Incluye datos biográficos del autor en las solapas |
| 504 ## - NOTA DE BIBLIOGRAFÍA, ETC. |
| Bibliography, etc |
Bibliografía :(p. 303-305) |
| 505 ## - NOTA DE CONTENIDO |
| Texto normalizado de contenido |
Prólogo 9 -- Introducción 17 -- La nueva legislación en República Dominicana : Una respuesta a las amenazas de hoy 21 -- Don Código Procesal Penal : El más mencionado de los últimos tiempos 43 -- La información sobre los hechos o actos del hombre 71 -- El ciclo de investigación 97 -- El procedimiento preparatorio 149 -- Entrevistas e interrogatorios 195 -- La audiencia preliminar 255 -- Bibliografía 303 |
| 590 ## - NOTA LOCAL |
| Enlace |
Inventariado, 2021/VM |
| 650 #4 - ENCABEZAMIENTO DE MATERIA--TEMÁTICO |
| Término temático o nombre geográfico como elemento de entrada |
Criminología |
| 650 #4 - ENCABEZAMIENTO DE MATERIA--TEMÁTICO |
| Término temático o nombre geográfico como elemento de entrada |
Procedimiento penal. |
| 650 #4 - ENCABEZAMIENTO DE MATERIA--TEMÁTICO |
| Término temático o nombre geográfico como elemento de entrada |
nvestigación criminal. |
| 650 #4 - ENCABEZAMIENTO DE MATERIA--TEMÁTICO |
| Término temático o nombre geográfico como elemento de entrada |
Administración de justicia penal |
| Subdivisión geográfica |
República Dominicana |
| 650 #4 - ENCABEZAMIENTO DE MATERIA--TEMÁTICO |
| Término temático o nombre geográfico como elemento de entrada |
Derecho penal |
| 650 #4 - ENCABEZAMIENTO DE MATERIA--TEMÁTICO |
| Término temático o nombre geográfico como elemento de entrada |
Investigación criminal |
| 700 1# - ASIENTO SECUNDARIO -- NOMBRE PERSONAL |
| Nombre personal |
Moscoso Segarra, Alejandro |
| 910 ## - VALIDACIÓN |
| Validación |
VMateo V. |
| 942 ## - ADDED ENTRY ELEMENTS (KOHA) |
| Source of classification or shelving scheme |
Dewey Decimal Classification |
| Koha item type |
Libros |